Statistics for Common given names in all featured languages #3

Click here to take the quiz!

General Stats

  • This quiz has been taken 299 times
  • The average score is 27 of 56

Answer Stats

NameLanguageAnswer% Correct
MarkFrenchMarc
94%
MarkDutchMark
91%
VictoriaSpanishVictoria
90%
VictoriaDutchVictoria
90%
VictoriaFrenchVictoria
90%
RichardDutchRichard
89%
RichardFrenchRichard
89%
RichardGermanRichard
89%
EdwardGermanEduard
83%
EdwardDutchEduard
83%
MarkItalianMarco
80%
RichardPortugueseRicardo
80%
RichardSpanishRicardo
80%
PhilipPolishFilip
79%
PhilipFinnishFilip
79%
EdwardSpanishEduardo
77%
EdwardPortugueseEduardo
77%
WilliamGermanWilhelm
76%
WilliamPolishWilhelm
76%
PhilipGermanPhilipp
67%
EdwardPolishEdward
65%
PhilipSpanishFelipe
61%
PhilipFrenchPhilippe
55%
VictoriaFinnishViktoria
54%
VictoriaGermanViktoria
54%
WilliamSpanishGuillermo
51%
MargaretSpanishMargarita
50%
MarkGermanMarkus
47%
MarkFinnishMarkus
47%
MarkPortugueseMarcos
44%
MarkSpanishMarcos
44%
VictoriaItalianVittoria
42%
WilliamDutchWillem
42%
PhilipPortugueseFilipe
41%
WilliamFrenchGuillaume
41%
PhilipItalianFilippo
34%
EdwardFrenchÉdouard
33%
VictoriaPortugueseVitória
28%
MargaretFrenchMarguerite
25%
EdwardFinnishEdvard
24%
MargaretGermanMargarete
24%
RichardItalianRiccardo
22%
VictoriaPolishWiktoria
21%
MarkPolishMarek
16%
EdwardItalianEdoardo
15%
WilliamItalianGuglielmo
14%
WilliamPortugueseGuilherme
12%
MargaretItalianMargherita
12%
WilliamFinnishVilhelm
9%
MargaretPolishMałgorzata
8%
RichardPolishRyszard
8%
MargaretPortugueseMargarida
6%
MargaretDutchMargaretha
5%
RichardFinnishRikhard
4%
PhilipDutchFilips
3%
MargaretFinnishMargareeta
3%

Score Distribution

Percentile by Number Answered

Percent of People with Each Score

Your Score History

You have not taken this quiz